[Event "HUN-chT2 Toth 1819"]
[Site "Hungary"]
[Date "2019.03.31"]
[Round "10.8"]
[White "Daroczi, Donat"]
[Black "Meljan, David"]
[Result "1-0"]
[WhiteElo "1849"]
[BlackElo "1877"]
[PlyCount "59"]
[EventDate "2018.09.23"]
[EventType "team-tourn"]
[EventRounds "11"]
[EventCountry "HUN"]
[SourceTitle "EXT 2021"]
[Source "ChessBase"]
[SourceDate "2020.10.23"]
[SourceVersion "1"]
[SourceVersionDate "2020.10.23"]
[SourceQuality "1"]
[WhiteTeam "Szeged Meritum"]
[BlackTeam "Kecskemet Takisz"]
[WhiteTeamCountry "HUN"]
[BlackTeamCountry "HUN"]

1. e4 b6 2. d4 Bb7 3. Nc3 e6 4. f3 d5 5. e5 Bb4 6. f4 Ne7 7. Nf3 0-0 8. Bd3 Ng6 9. Ng5 Be7 10. h4 h6 11. Qh5 Qe8 12. Nxe6 Nxe5 13. Nxc7 Nxd3+ 14. cxd3 Qd7 15. Nxa8 Bxa8 16. Be3 Re8 17. Kd2 Na6 18. Rae1 Nc7 19. f5 Nb5 20. g4 Nxc3 21. bxc3 Qa4 22. Ra1 Qa3 23. Rhb1 Rc8 24. Rb3 Qd6 25. g5 Qh2+ 26. Qe2 Qxh4 27. gxh6 gxh6 28. Rg1+ Kh7 29. Rbb1 Bf8 30. Qg2 1-0

[Event "HUN-chT2 Toth 1819"]
[Site "Hungary"]
[Date "2019.02.10"]
[Round "7.9"]
[White "Balassy, Gabor"]
[Black "Meljan, David"]
[Result "1-0"]
[WhiteElo "1818"]
[BlackElo "1877"]
[PlyCount "53"]
[EventDate "2018.09.23"]
[EventType "team-tourn"]
[EventRounds "11"]
[EventCountry "HUN"]
[SourceTitle "EXT 2021"]
[Source "ChessBase"]
[SourceDate "2020.10.23"]
[SourceVersion "1"]
[SourceVersionDate "2020.10.23"]
[SourceQuality "1"]
[WhiteTeam "Mako Duocor II"]
[BlackTeam "Kecskemet Takisz"]
[WhiteTeamCountry "HUN"]
[BlackTeamCountry "HUN"]

1. e4 b6 2. d4 Bb7 3. Bd3 e6 4. Ne2 Nf6 5. f3 d5 6. e5 Nfd7 7. 0-0 Be7 8. f4 0-0 9. Nd2 c5 10. c3 Nc6 11. Nf3 h6 12. g4 cxd4 13. cxd4 Nb4 14. Bb1 f6 15. a3 Nc6 16. Qd3 f5 17. gxf5 exf5 18. Ng3 g6 19. Kh1 Kh7 20. Rg1 Rc8 21. Bd2 Ncb8 22. Qe2 Ba6 23. Qg2 Rg8 24. Nxf5 Rc6 25. Nxe7 Qxe7 26. Bb4 Qe8 27. f5 1-0

[Event "HUN-chT2 Toth 1819"]
[Site "Hungary"]
[Date "2018.12.02"]
[Round "5.9"]
[White "Szabo, Balazs3333"]
[Black "Meljan, David"]
[Result "1/2-1/2"]
[WhiteElo "1635"]
[BlackElo "1877"]
[PlyCount "97"]
[EventDate "2018.09.23"]
[EventType "team-tourn"]
[EventRounds "11"]
[EventCountry "HUN"]
[SourceTitle "EXT 2021"]
[Source "ChessBase"]
[SourceDate "2020.10.23"]
[SourceVersion "1"]
[SourceVersionDate "2020.10.23"]
[SourceQuality "1"]
[WhiteTeam "Kecskemet Toth Laszlo II"]
[BlackTeam "Kecskemet Takisz"]
[WhiteTeamCountry "HUN"]
[BlackTeamCountry "HUN"]

1. d4 d5 2. Nc3 Nf6 3. Bg5 e6 4. a3 Be7 5. Nf3 0-0 6. e3 h6 7. Bh4 c5 8. dxc5 Bxc5 9. Bd3 Nbd7 10. 0-0 Be7 11. Nd4 a6 12. f4 Qc7 13. Bg3 Bd6 14. Kh1 b6 15. Qe2 Bb7 16. Rae1 Nc5 17. Bh4 Nce4 18. Nxe4 Nxe4 19. Bxe4 dxe4 20. Qg4 Kh7 21. c3 f5 22. Qh3 Qf7 23. Bf2 Bd5 24. Rd1 b5 25. Bg3 Rfd8 26. Bh4 Rd7 27. Rf2 Be7 28. Bxe7 Rxe7 29. Rg1 g6 30. Qh4 Rg8 31. g4 Ree8 32. Rfg2 Ref8 33. Rg3 g5 34. fxg5 Rxg5 35. gxf5 Rxg3 36. Qxg3 exf5 37. Nxf5 Rg8 38. Qxg8+ Qxg8 39. Rxg8 Bxg8 40. Ne7 Be6 41. Nc6 Kg7 42. Nb8 Bc8 43. Nc6 Kf6 44. Kg2 Kg5 45. Kg3 Bb7 46. Nd8 Bd5 47. a4 bxa4 48. c4 Bxc4 49. Nc6 1/2-1/2

[Event "HUN-chT2 Toth 1718"]
[Site "Hungary"]
[Date "2017.12.17"]
[Round "6.11"]
[White "Fodor, Istvan2222"]
[Black "Meljan, David"]
[Result "0-1"]
[WhiteElo "1853"]
[BlackElo "1757"]
[PlyCount "60"]
[EventDate "2017.09.24"]
[EventType "team-tourn"]
[EventRounds "11"]
[EventCountry "HUN"]
[SourceTitle "EXT 2021"]
[Source "ChessBase"]
[SourceDate "2020.10.23"]
[SourceVersion "1"]
[SourceVersionDate "2020.10.23"]
[SourceQuality "1"]
[WhiteTeam "Karcag"]
[BlackTeam "Kecskemet Takisz"]
[WhiteTeamCountry "HUN"]
[BlackTeamCountry "HUN"]

1. d4 d5 2. c4 e6 3. Nc3 Nf6 4. Nf3 Be7 5. Bg5 c6 6. e3 0-0 7. Rc1 Nbd7 8. cxd5 Nxd5 9. Bxe7 Qxe7 10. Bd3 b6 11. 0-0 c5 12. Nxd5 exd5 13. Bb1 c4 14. Qc2 f5 15. Qa4 Nf6 16. Ne5 Bd7 17. Qc2 g6 18. f3 b5 19. Rce1 Qd6 20. Qd2 Rae8 21. h3 f4 22. e4 dxe4 23. fxe4 Rxe5 24. dxe5 Qxd2 25. exf6 Rxf6 26. Rd1 Qe3+ 27. Kh1 f3 28. g4 Qe2 29. Rg1 f2 30. Rgf1 Qxd1 0-1

[Event "HUN-chT2 Toth 1718"]
[Site "Hungary"]
[Date "2017.10.08"]
[Round "2.11"]
[White "Meljan, David"]
[Black "Kozak, Janos"]
[Result "1/2-1/2"]
[WhiteElo "1757"]
[BlackElo "1473"]
[PlyCount "34"]
[EventDate "2017.09.24"]
[EventType "team-tourn"]
[EventRounds "11"]
[EventCountry "HUN"]
[SourceTitle "EXT 2021"]
[Source "ChessBase"]
[SourceDate "2020.10.23"]
[SourceVersion "1"]
[SourceVersionDate "2020.10.23"]
[SourceQuality "1"]
[WhiteTeam "Kecskemet Takisz"]
[BlackTeam "Szentes Integral"]
[WhiteTeamCountry "HUN"]
[BlackTeamCountry "HUN"]

1. d4 d5 2. c4 e6 3. Nc3 Nf6 4. Bg5 Be7 5. e3 c6 6. Nf3 Nbd7 7. Bd3 Qc7 8. 0-0 0-0 9. a3 e5 10. dxe5 Nxe5 11. Bf4 Bd6 12. cxd5 Nxf3+ 13. Qxf3 Bxf4 14. exf4 cxd5 15. Nxd5 Nxd5 16. Qxd5 Qxf4 17. b4 Rb8 1/2-1/2

[Event "HUN-chT Csongrad Region"]
[Site "Hungary"]
[Date "2016.03.06"]
[Round "7.4"]
[White "Gachalyi, Gergo"]
[Black "Meljan, David"]
[Result "0-1"]
[WhiteElo "1441"]
[BlackElo "1658"]
[PlyCount "116"]
[EventDate "2015.09.20"]
[EventType "team-tourn"]
[EventRounds "9"]
[EventCountry "HUN"]
[SourceTitle "EXT 2017"]
[Source "ChessBase"]
[SourceDate "2016.10.25"]
[SourceVersion "1"]
[SourceVersionDate "2016.10.25"]
[SourceQuality "1"]

1. e4 c6 2. d4 d5 3. e5 Bf5 4. Nf3 e6 5. Bd3 Bxd3 6. Qxd3 c5 7. c3 Nc6 8. Be3 Qb6 9. Qc2 Rc8 10. Qe2 cxd4 11. Bxd4 Nxd4 12. Nxd4 Bc5 13. Qb5+ Qxb5 14. Nxb5 a6 15. N5a3 Ne7 16. 0-0 0-0 17. Nc2 Ng6 18. Re1 Nf4 19. Rd1 Ba7 20. Ne1 Rfd8 21. Nf3 d4 22. h3 dxc3 23. Nxc3 b5 24. Rxd8+ Rxd8 25. Rc1 Bxf2+ 26. Kf1 Bb6 27. Ne4 Nd5 28. Ke2 h6 29. Nd6 Nf4+ 30. Kf1 Nd5 31. Ke2 Bc7 32. Rc6 Bxd6 33. exd6 Nb4 34. Rb6 Nxa2 35. Rxa6 Nc1+ 36. Ke3 f6 37. Nd4 e5 38. Nxb5 Nb3 39. Nc7 Nd4 40. Ra8 Rxa8 41. Nxa8 Kf7 42. Nb6 Ke6 43. Nc4 Nf5+ 44. Ke4 Nxd6+ 45. Nxd6 Kxd6 46. b4 Kc6 47. Kd3 Kb5 48. Kc3 f5 49. g3 g5 50. g4 f4 51. Kd3 Kxb4 52. Ke4 Kc4 53. Kf3 Kd3 54. Kf2 e4 55. Kf1 Kd2 56. Kf2 e3+ 57. Kg2 e2 58. h4 e1Q 0-1